<?xml version="1.0" encoding="UTF-8"?><?xml-stylesheet type="text/xsl" href="static/style.xsl"?><OAI-PMH xmlns="http://www.openarchives.org/OAI/2.0/" xmlns:xsi="http://www.w3.org/2001/XMLSchema-instance" xsi:schemaLocation="http://www.openarchives.org/OAI/2.0/ http://www.openarchives.org/OAI/2.0/OAI-PMH.xsd"><responseDate>2026-06-06T18:58:29Z</responseDate><request verb="GetRecord" identifier="oai:riuma.uma.es:10630/13354" metadataPrefix="marc">https://riuma.uma.es/rest/oai/request</request><GetRecord><record><header><identifier>oai:riuma.uma.es:10630/13354</identifier><datestamp>2026-02-03T12:53:05Z</datestamp><setSpec>com_10630_5701</setSpec><setSpec>com_10630_3139</setSpec><setSpec>com_10630_10</setSpec><setSpec>col_10630_13311</setSpec></header><metadata><record xmlns="http://www.loc.gov/MARC21/slim" xmlns:dcterms="http://purl.org/dc/terms/" xmlns:doc="http://www.lyncode.com/xoai" xmlns:xsi="http://www.w3.org/2001/XMLSchema-instance" xsi:schemaLocation="http://www.loc.gov/MARC21/slim http://www.loc.gov/standards/marcxml/schema/MARC21slim.xsd">
   <leader>00925njm 22002777a 4500</leader>
   <datafield ind2=" " ind1=" " tag="042">
      <subfield code="a">dc</subfield>
   </datafield>
   <datafield ind2=" " ind1=" " tag="720">
      <subfield code="a">Bulgarelli Lukacs, Alessandra</subfield>
      <subfield code="e">author</subfield>
   </datafield>
   <datafield ind2=" " ind1=" " tag="260">
      <subfield code="c">2016</subfield>
   </datafield>
   <datafield ind2=" " ind1=" " tag="520">
      <subfield code="a">The phenomenon of tax fraud was rooted in the tax system of the old regime. The main&#xd;
reasons were: the magnitude of the number of the privileged, the negotiatory nature of fiscal&#xd;
relations between the Sovereign and his subjects, the decentralised management of taxation&#xd;
where a leading role was played in this by the intermediary bodies throughout the territory.&#xd;
Another factor was the autonomy enjoyed at local level, which was also a source of particularism,&#xd;
heterogeneity and excessive power on the part of the urban élite (Fortea Pérez). Many&#xd;
of these characteristics, relating specifically to sixteenth and seventeenth-century Castile, were&#xd;
also common to other areas of Europe as a result of jurisdictional fragmentation (Epstein,&#xd;
Dincecco). In order to describe the peculiar physiognomy of the Kingdom in the field of tax&#xd;
evasion, I shall try to answer questions on whether and how this phenomenon followed the&#xd;
above-mentioned centuries-old patterns</subfield>
   </datafield>
   <datafield ind2=" " ind1=" " tag="520">
      <subfield code="a">El fenómeno del fraude fiscal es inherente al sistema tributario del antiguo régimen. Las&#xd;
principales razones fueron: la gran cantidad de privilegiados implicados en el sistema; la naturaleza&#xd;
per se negociadora de las relaciones fiscales entre el soberano y sus súbditos; la gestión&#xd;
descentralizada de los impuestos y el papel substancial que jugaron en todo ello los organismos&#xd;
intermedios. Otro factor fue la autonomía de que gozaron en el ámbito local, lo que era también&#xd;
una fuente de particularismos, así como la heterogeneidad y el poder excesivo por parte de la&#xd;
élite urbana (Fortea Pérez). Muchas de estas características, específicamente relacionado con la&#xd;
Castilla de los siglos XVI y XVII, también eran comunes a otras zonas de Europa como resultado&#xd;
de la fragmentación jurisdiccional (Epstein, Dincecco). Para describir la fisonomía peculiar&#xd;
del Reino en el campo de la evasión fiscal, voy a tratar de responder a las preguntas sobre cómo&#xd;
este fenómeno siguió los viejos patrones de los mencionados siglos</subfield>
   </datafield>
   <datafield ind1="8" ind2=" " tag="024">
      <subfield code="a">Fraude et évasión fiscale dans les villes Au Moyen Âge et à l'époque moderne: monográfico. Baetica, 36-37, 2014-2015, p. 49-72</subfield>
   </datafield>
   <datafield ind1="8" ind2=" " tag="024">
      <subfield code="a">0212-5099</subfield>
   </datafield>
   <datafield ind1="8" ind2=" " tag="024">
      <subfield code="a">http://hdl.handle.net/10630/13354</subfield>
   </datafield>
   <datafield tag="653" ind2=" " ind1=" ">
      <subfield code="a">Fraude fiscal - Historia - S. XV-XVIII</subfield>
   </datafield>
   <datafield ind2="0" ind1="0" tag="245">
      <subfield code="a">Tax evasion and tax avoidance in the towns of the Kingdom of Naples (XV-XVIII centuries)</subfield>
   </datafield>
</record>
</metadata></record></GetRecord></OAI-PMH>